| 000 | 00521nam a22001817a 4500 | ||
|---|---|---|---|
| 003 | CEME | ||
| 005 | 20210628201848.0 | ||
| 008 | 210222b xxu||||| |||| 00| 0 eng d | ||
| 020 | _a0-13-727389-4 | ||
| 040 | _c. | ||
| 082 | _a621.38154 BUC | ||
| 100 |
_aBuchla, David Mclachlan, Wayne _957149 |
||
| 245 | _aApplied electronic instrumentation and measurement | ||
| 260 |
_aNEW JERSEY _bPRENTICE HALL _c1992 |
||
| 300 | _aXVII,829P | ||
| 650 |
_aELECTRONIC INSTRUMENT ELECTRONIC MEASUREMENT _957150 |
||
| 942 |
_cBK _2ddc |
||
| 999 |
_c567446 _d567446 |
||